| 000 | 00491nam a22001937a 4500 | ||
|---|---|---|---|
| 003 | MPLRDC | ||
| 005 | 20220104191221.0 | ||
| 008 | 210129b ||||| |||| 00| 0 eng d | ||
| 020 | _a978-986-6043-05-5 | ||
| 082 | _a857.62 JHCLB-3 | ||
| 100 | _a江户川乱步 | ||
| 245 |
_a黑蜥蜴 _c王华懋 译 |
||
| 250 | _a初版 | ||
| 260 |
_a台湾 _b独步文化 _c2011 |
||
| 300 | _b平 | ||
| 490 | _a江户川乱步作品集: 09 | ||
| 650 | _a推理小说 | ||
| 942 |
_cBK _o857.62 JHCLB-3 |
||
| 999 |
_c64149 _d64139 |
||